Hôpital François Tosquelles. « Que sont les fous devenus ? » (notice n° 1754859)
[ vue normale ]
| 000 -LEADER | |
|---|---|
| fixed length control field | 01350cam a2200265 4500500 |
| 005 - DATE AND TIME OF LATEST TRANSACTION | |
| control field | 20260322010220.0 |
| 041 ## - LANGUAGE CODE | |
| Language code of text/sound track or separate title | fre |
| 042 ## - AUTHENTICATION CODE | |
| Authentication code | dc |
| 100 10 - MAIN ENTRY--PERSONAL NAME | |
| Personal name | Roucoules, Alain |
| Relator term | author |
| 245 00 - TITLE STATEMENT | |
| Title | Hôpital François Tosquelles. « Que sont les fous devenus ? » |
| 260 ## - PUBLICATION, DISTRIBUTION, ETC. | |
| Date of publication, distribution, etc. | 2025.<br/> |
| 500 ## - GENERAL NOTE | |
| General note | 33 |
| 520 ## - SUMMARY, ETC. | |
| Summary, etc. | En marche sur le chemin de Saint-Jacques, l’auteur s’arrête à Saint-Alban et évoque l’hôpital François Tosquelles, ce qui fut inventé en cet endroit et la fin des activités psychiatriques dans ce haut lieu de la psychothérapie institutionnelle, où il ne reste plus que le cimetière des fous. |
| 520 ## - SUMMARY, ETC. | |
| Summary, etc. | On his way to St Jacques, the author stops off at St Alban and talks about the François Tosquelles hospital, what was invented there, and the end of psychiatric activities in this landmark of institutional psychotherapy, where all that remains is Le cimetière des fous. |
| 690 ## - LOCAL SUBJECT ADDED ENTRY--TOPICAL TERM (OCLC, RLIN) | |
| Topical term or geographic name as entry element | Éluard |
| 690 ## - LOCAL SUBJECT ADDED ENTRY--TOPICAL TERM (OCLC, RLIN) | |
| Topical term or geographic name as entry element | hôpital François Tosquelles |
| 690 ## - LOCAL SUBJECT ADDED ENTRY--TOPICAL TERM (OCLC, RLIN) | |
| Topical term or geographic name as entry element | le cimetière des fous |
| 690 ## - LOCAL SUBJECT ADDED ENTRY--TOPICAL TERM (OCLC, RLIN) | |
| Topical term or geographic name as entry element | Saint Alban |
| 690 ## - LOCAL SUBJECT ADDED ENTRY--TOPICAL TERM (OCLC, RLIN) | |
| Topical term or geographic name as entry element | Éluard |
| 690 ## - LOCAL SUBJECT ADDED ENTRY--TOPICAL TERM (OCLC, RLIN) | |
| Topical term or geographic name as entry element | François Tosquelles hospital |
| 690 ## - LOCAL SUBJECT ADDED ENTRY--TOPICAL TERM (OCLC, RLIN) | |
| Topical term or geographic name as entry element | Le cimetière des fous |
| 690 ## - LOCAL SUBJECT ADDED ENTRY--TOPICAL TERM (OCLC, RLIN) | |
| Topical term or geographic name as entry element | St Alban |
| 786 0# - DATA SOURCE ENTRY | |
| Note | Empan | 140 | 4 | 2025-11-25 | p. 143-145 | 1152-3336 |
| 856 41 - ELECTRONIC LOCATION AND ACCESS | |
| Uniform Resource Identifier | <a href="https://shs.cairn.info/revue-empan-2025-4-page-143?lang=fr&redirect-ssocas=7080">https://shs.cairn.info/revue-empan-2025-4-page-143?lang=fr&redirect-ssocas=7080</a> |
Pas d'exemplaire disponible.




Réseaux sociaux